ULTIMATE NFL Knowledge quiz - Statistics

General Stats
  • This quiz has been taken 24 times
  • The average score is 40 of 253
Answer Stats
Questions Answer % Correct
Who is the all time leader in passing yards? Tom Brady
93%
Who is the all time leader in receiving yards? Jerry Rice
87%
Who is the all time leader in rushing yards? Emmitt Smith
80%
What is the newest NFL team? Houston Texans
67%
What year was the first Super Bowl? 1967
60%
What league did the NFL merge with in 1966? AFL
60%
Who has the most DPOY wins? J.J Watt / Aaron Donald / Lawrence Taylor
60%
Who is the all time leader in rushing yards by a QB? Lamar Jackson
60%
What is the game between the best players of the AFC and NFC called? Pro Bowl
60%
Who is the all time leader in receiving yards by a tight end? Tony Gonzalez
60%
Who is the all time leader in field goals made? Adam Vinatieri
53%
What NFL player was nicknamed “Megatron”? Calvin Johnson
53%
What NFL player was nicknamed “Beast Mode”? Marshawn Lynch
53%
Who is the all time winningest head coach? Don Shula
47%
What team won the first super bowl? Green Bay Packers
47%
Who is the only linebacker to ever win MVP? Lawrence Taylor
47%
Who was the first player to rush for 2000 or more yards in a single season? O.J Simpson
47%
Who has the most MVP wins? Peyton Manning
47%
What is the oldest NFL team? Arizona Cardinals
40%
Who is the all time leader in sacks? Bruce Smith
40%
What player played in an MLB and NFL game in the same day? Deion Sanders
40%
Who has the record for most rushing yards in a season? Eric Dickerson
40%
Who has the record for most rushing yards in a season by a QB? Lamar Jackson
40%
Who is the all time leader in receiving yards by a running back? Marshall Faulk
40%
What QB caught the touchdown in the play nicknamed the Philly Special? Nick Foles
40%
Name a QB who beat Tom Brady in the Super Bowl? Nick Foles/Eli Manning
40%
Who has the record for the most passing yards in a season? Peyton Manning
40%
Who has the record for the most passing touchdowns in a season? Peyton Manning
40%
Who has the record for the most receiving touchdowns in a season? Randy Moss
40%
What NFL player was nicknamed “fitzmagic”? Ryan Fitzpatrick
40%
What team did Eli Manning refuse to play for when they drafted him? San Diego Chargers
40%
Which famous coach is the Super Bowl trophy named after? Vince Lombardi
40%
What was the only team to finish the regular and post season undefeated? 1972 Dolphins
33%
What piece of clothing are hall of fame players given? A gold jacket
33%
Who has the record for most receiving yards in a season? Calvin Johnson
33%
Where is the NFL Hall of fame located? Canton Ohio
33%
Who has the record for most kick return touchdowns in a career? Devin Hester
33%
Who is the Saints all time leader in passing yards? Drew Brees
33%
Who is the Giants all time leader in passing yards? Eli Manning
33%
Who is the 49ers all time leader in passing yards? Joe Montana
33%
Who is the Falcons all time leader in passing yards? Matt Ryan
33%
Who is the Chiefs all time leader in passing yards? Patrick Mahomes
33%
Who is the Colts all time leader in passing yards? Peyton Manning
33%
Who is the all time leader in tackles? Ray Lewis
33%
Who has the record for most receiving touchdowns in a season by a tight end? Rob Gronkowski
33%
Who is the current NFL commissioner? Roger Goodell
33%
Who is the Seahawks all time leader in passing yards? Russell Wilson
33%
What NFL team is the only team to have had to players rush for 2,000 yards in a season while a member of said team? Tennessee Titans
33%
What is it called when a player leads the league in receptions, receiving yards, and receiving touchdowns? The triple crown
33%
Who has the record for most sacks in a season? T.J Watt / Michael Strahan
33%
Who is the Patriots all time leader in passing yards? Tom Brady
33%
Who has the record for most receiving yards in a season by a tight end? Travis Kelce
33%
When was the first NFL game? 1920
27%
Who is credited as the inventor of the West Coast Offense Bill Walsh
27%
Who is the Packers all time leader in passing yards? Brett Favre
27%
Who is the Panthers all time leader in passing yards? Cam Newton
27%
What is the only NFL team to never have a player pass for 4000 or more yards in a season? Chicago Bears
27%
Who is the Dolphins all time leader in passing yards? Dan Marino
27%
What NFL team relocated cities overnight? Indianapolis Colts
27%
Who is the Bills all time leader in passing yards? Jim Kelly
27%
Who is the Ravens all time leader in passing yards? Joe Flacco
27%
Who is the Redskins all time leader in passing yards? Joe Theismann
27%
Who is the Broncos all time leader in passing yards? John Elway
27%
Who has the record for the most rushing touchdowns in a season? LaDanian Tomlinson
27%
What NFL player was quoted sayin to reporters and media, “I’m just here so I don’t get fined”? Marshawn lynch
27%
Who is the lions all time leader in passing yards? Matthew Stafford
27%
Who was the kicker the Raiders drafted in the first round of the 2000 NFL draft? Sebastian Janikowski
27%
Who is the Bears all time leader in rushing yards? Walter Payton
27%
What NFL team recorded the song and music video “The Super Bowl Shuffle” and proceeded to win the Super Bowl that very year? (Include the year of the team) 1985 Bears
20%
Who is the only defensive lineman to win MVP? Alan Page
20%
What is the only NFL team to never have had a top 3 draft pick? Baltimore Ravens
20%
Who is the Lions all time leader in rushing yards? Barry Sanders
20%
What NFL player was nicknamed “Weapon X”? Brian Dawkins
20%
Who is the Raiders all time leader in passing yards? Derek Carr
20%
Who is the Eagles all time leader in passing yards? Donovan McNabb
20%
Who is the Cowboys all time leader in rushing yards? Emmitt Smith
20%
What player scored the touchdown for the play nicknamed the “immaculate reception”? Franco Harris
20%
Who was the Bears hall of fame head coach who coached them from 1921 to 1967? George Hallas
20%
Who is the Buccaneers all time leader in passing yards? Jameis Winston
20%
Who is the Jets all time leader in passing yards? Joe Namath
20%
What NFL player has been signed to the most NFL teams? Josh Johnson
20%
What was the nickname of the mid to late 2010’s Seahawks defense? Legion of Boom
20%
Who is the only special teams player to win MVP? Mark Moseley
20%
What NFL team did legendary college football coach Nick Sabin coach for before returning to college football to coach at Alabama? Miami Dolphins
20%
Name a city the Raiders formally played in Oakland/ Los Angeles
20%
What legendary head coach are the Cleveland Browns named after? Paul Brown
20%
Who is the all time leader in interceptions caught? Paul Krause
20%
Who is the Chargers all time leader in passing yards? Philip Rivers
20%
What was the nickname of the 70’s Vikings defense? Purple people eaters
20%
Name a city the rams formally played in St. Louis/ Cleveland
20%
Who is the Broncos all time leader in rushing yards? Terrell Davis
20%
Who is the Cowboys all time leader in passing yards? Tony Romo
20%
What professional football league rivaled the NFL in the 1980’s and had players such as Jim Kelly and Reggie White start their careers with them instead of the NFL? USFL
20%
This years QB class is often considered the greatest QB class ever with Dan Marino, John Elway, and Jim Kelly coming from that class? 1983
13%
Who is the packers all time leader in rushing yards? Ahman Green
13%
What is the NFL’s oldest rivalry? Bears vs. Packers
13%
What coach has the most Super Bowl wins? Bill Belicheck
13%
Who is the Browns all time leader in passing yards? Brain Sipe
13%
Who is the Lions all time leader in receiving yards? Calvin Johnson
13%
Who was the heisman winner who chose to play in the NBA rather then the NFL? Charlie Ward
13%
What player was nicknamed CJ2K? Chris Johnson
13%
Who is the Jets all time leader in rushing yards? Curtis Martin
13%
Who has the record for most all purpose yards in a season? Darren Sproles
13%
Name a player who won a Super Bowl, a heisman, and Super Bowl MVP Desmond Howard/ Marcus Allen
13%
Who has the record for most interceptions in a season? Dick Lane
13%
Who is the Colts all time leader in rushing yards? Edgerrin James
13%
Who is the 49ers all time leader in rushing yards? Frank Gore
13%
Who is the Vikings all time leader in passing yards? Fran Tarkenton
13%
Who is the Chiefs all time leader in Rushing yards? Jamaal Charles
13%
What QB famously threw 30 touchdowns and 30 interceptions in the same season? Jameis Winston
13%
Who is the Bears all time leader in passing yards? Jay Cutler
13%
Who is the Browns all time leader in rushing yards? Jim Brown
13%
Who is the Redskins all time leader in passing yards? John Riggins
13%
What NFL player scored the touchdown on the play nicknamed the “Music City Miracle”? Kevin Dyson
13%
Who is the Chargers all time leader in rushing yards? LaDanian Tomlinson
13%
Who is the Raiders all time leader in rushing yards? Marcus Allen
13%
Who has the record for most receptions in a season? Michael Thomas
13%
What was the 1985 bears defense nicknamed? Monsters of the Midway
13%
What state do the New York Jets and New York Giants play in? New Jersey
13%
Who was the leader of the 90’s saints “Dome Petrol” defense? Rickey Jackson
13%
Who is the all time leader in pick sixes? Rod Woodson
13%
What city did the Chargers formally play in? San Diego
13%
What player scored the toe tap touchdown that sealed the Steeler’s Super Bowl win over the cardinals? Santonio Holmes
13%
Who is the Bills all time leader in rushing yards? Thurman Thomas
13%
What draft class produced the most hall of famers? (Only list year) 1964
7%
Who is the Vikings all time leader in rushing yards? Adrian Peterson
7%
What NFL coach is responsible for famous sayings such as “Commitment to Excellence” and “If you ain’t cheating you ain’t trying” Al Davis
7%
Who is the Texans all time leader in rushing yards? Arian Foster
7%
What NFL team has had the longest championship drought? Arizona Cardinals
7%
What city do the Dallas Cowboys play their games in? Arlington
7%
Who is the Redskins all time leader in receiving yards? Art Monk
7%
What NFL team drafted actor John Wayne in 1971 while Wayne was 63? Atlanta Falcons
7%
Who is the Steelers all time leader in passing yards? Ben Rothlisberger
7%
Who is the Bengals all time leader in rushing yards? Corey Dillon
7%
Who is the Vikings all time leader in receiving yards? Cris Carter
7%
Who is the Chiefs all time leader in sacks? Derrick Thomas
7%
What were the late 90’s falcons nicknamed? Dirty Birds
7%
Who is the titans all time leader in rushing yards? Eddie George
7%
Who is the Steelers all time leader in rushing yards? Franco Harris
7%
Who is the Jaguars all time leader in rushing yards? Fred Taylor
7%
Who is the Steelers all time leader in receiving yards? Hines Ward
7%
Who is the Ravens all time leader rushing yards? Jamal Lewis
7%
Who is the 49ers all time leader in receiving yards? Jerry Rice
7%
Who is the Rams all time leader in passing yards? Jim Everett
7%
Who is the Cardinals all time leader in passing yards? Jim Hart
7%
What hall of fame NFL coach is also the owner of a 5 time NASCAR cup series championship racing team? Joe Gibbs
7%
What Player was nicknamed the “Passtronaut” Josh Dobbs
7%
Who is the Falcons all time leader in receiving yards? Julio Jones
7%
Who is the Panthers all time leader in sacks? Julius Peppers
7%
What player was nicknamed “Wham Bam Kam”? Kam Chancellor
7%
Who is the Bengals all time leader in passing yards? Ken Anderson
7%
Who is the Dolphins all time leader in rushing yards? Larry Csonka
7%
Who is the Jaguars all time leader in passing yards? Mark Brunell
7%
Who has the most OPOY wins? Marshall Faulk / Earl Campbell
7%
Who is the Colts all time leader in receiving yards? Marvin Harrison
7%
Who is the Texans all time leader in passing yards? Matt Schaub
7%
Between playing in Houston and Nashville what city did the titans play in for a few games? Memphis
7%
Who is the Giants all time leader in sacks? Michael Strahan
7%
What was the nickname of the 2015 Broncos defense? No fly zone
7%
What player was nicknamed “Mr. Unlimited”? Russell Wilson
7%
Who is the Seahawks all time leader in rushing yards? Shaun Alexander
7%
Who is the Seahawks all time leader in receiving yards? Steve Largent
7%
Who is the Panthers all time leader in receiving yards? Steve Smith Sr.
7%
What phrase was used by fans, media, and even Bill Belicheck himself to describe his way of coaching and the standard he held his players to? The Patriot Way
7%
What was the nickname of the 70’s Steelers defense? The Steel Curtain
7%
Who is the Giants all time leader in rushing yards? Tiki Barber
7%
Who is the Raiders all time leader in receiving yards? Tim Brown
7%
Who is the Steelers all time leader in sacks? T.J Watt
7%
Who is the Chiefs all time leader in receiving yards? Travis Kelce
7%
Who is the Titans all time leader in passing yards? Warren Moon
7%
Who is the Buccaneers all time leader in sacks? Warren Sapp
7%
What defense allowed the fewest points per season in the Super Bowl era?(include year) 1977 Falcons
0%
What defense allowed the fewest points per game in a season since the implementation of the Mel Blount rule in 1978?(list year then team) 2000 Ravens
0%
What offense scored the most points per game in a season? (List year then team) 2013 Broncos
0%
Who is the Rams all time leader in sacks? Aaron Donald
0%
What player was nicknamed “All Day”? Adrian Peterson
0%
Who is the Giants all time leader in receiving yards? Amani Toomer
0%
Who is the Texans all time leader in receiving yards? Andre Johnson
0%
Who is the Bills all time leader in receiving yards? Andre Reed
0%
Who is the Patriots all time leader in sacks? Andre Tippett
0%
Who is the Chargers all time leader in receiving yards? Antonio Gates
0%
What was the nickname of the late 80’s giants defense? Big Blue Wrecking crew
0%
Who is the only NFL player to play in games while being a grandfather? Brett Farve
0%
Who is the Bills all time leader in sacks? Bruce Smith
0%
Who is the 49ers all time leader in sacks? Bryant Young
0%
Who is the Saints all time leader in sacks? Cameron Jordan
0%
Who is the Bengals all time leader in sacks? Carlos Dunlap
0%
Who is the Bengals all time leader in receiving yards? Chad Johnson
0%
Who is all time leader in pass deflections? Champ Bailey
0%
Who is the Cardinals all time leader in sacks? Chandler Jones
0%
What NFL player was nicknamed iron man? Chuck Bednarik
0%
Who is the Packers all time leader in sacks? Clay Matthews
0%
What city did the Kansas City Chiefs formally play in? Dallas
0%
What were the bears formally known as? Decatur Staleys
0%
Who has the record for most receiving yards in a season by a running back? Del Shofner
0%
Who is the cowboys all time leader in sacks? Demarcus Ware
0%
Who is the Ravens all time leader in receiving yards? Derrick Mason
0%
Who is the Saints all time leader in rushing yards? Deuce McCallister
0%
What NFL Hall of Famer played all of his college football at a community college? Dick “Night Train” Lane
0%
Who is the Packers all time leader in receiving yards? Donald Driver
0%
Who is the Jets all time leader in receiving yards? Don Maynard
0%
Who is the Titans all time leader in receiving yards? Ernest Givens
0%
Who is the Raiders all time leader in sacks? Greg Townsend
0%
Who is the Eagles all time leader in receiving yards? Harold Carmichael
0%
Who is the Rams all time leader in receiving yards? Isaac Bruce
0%
What player was nicknamed “The Assassin”? Jack Tatum
0%
Who is the Seahawks all time leader in sacks? Jacob Green
0%
Who is the Dolphins all time leader in sacks? Jason Taylor
0%
Who is the Cowboys all time leader in receiving yards? Jason Witten
0%
Who is the Jaguars all time leader in receiving yards? Jimmy Smith
0%
Who is the Texans all time leader in sacks? J.J Watt
0%
Who was the first QB to pass for over 4000 yards? Joe Namath
0%
Who is the Falcons all time leader in sacks? John Abraham
0%
Who is the Bears all time leader in receiving yards? Johnny Morris
0%
Who is the Vikings all time leader in sacks? John Randle
0%
Who is the Panthers all time leader in rushing yards? Jonathan Stewart
0%
Who is the all time leader in safeties? Justin Houston/ Jared Allen/ Doug English
0%
What city do the Washington Commanders play their games in? Landover
0%
Who is the Cardinals all time leader in receiving yards? Larry Fitzgerald
0%
Who is the Eagles all time leader in rushing yards? LeSean McCoy
0%
Who is the Chargers all time leader in sacks? Leslie O’Neal
0%
What NFL team has changed their logo the most times? Los Angeles Rams
0%
Who is the Dolphins all time leader in receiving yards? Mark Duper
0%
Who is the Jets all time leader in sacks? Mark Gastineau
0%
Who is the Saints all time leader in receiving yards? Marques Colston
0%
Who is the Falcons all time leader in rushing yards? Michael Turner
0%
Who is the Buccaneers all time leader in receiving yards? Mike Evans
0%
Who is the Browns all time leader in sacks? Myles Garrett
0%
What was the 70’s broncos defense nicknamed? Orange Crsuh
0%
Who is the Cardinals all time leader in rushing yards? Otis Anderson
0%
Who is the Browns all time leader in receiving yards? Ozzie Newsome
0%
What QB receiver connection has the most yards all time? Peyton Manning to Marvin Harrison
0%
Who is the Titans all time leader in sacks? Ray Childress
0%
Who is the Eagles all time leader in sacks? Reggie White
0%
Who is the Bears all time leader in sacks? Richard Dent
0%
Who is the all time leader in forced fumbles? Robert Mathis
0%
Who is the Colts all time leader in sacks? Robert Mathis
0%
Who is the Lions all time leader in sacks? Robert Porcher
0%
Who is the Broncos all time leader in receiving yards? Rod Smith
0%
What player was nicknamed “Amish Rifle”? Ryan Fitzpatrick
0%
Who is the Redskins all time leader in sacks? Ryan Kerrigan
0%
Who is the Patriots all time leader in rushing yards? Sam Cunningham
0%
What city do the San Fransisco 49ers play in? Santa Clara
0%
What was the 2000 titans defense nicknamed? Smash and Dash
0%
Who is the Patriots all time leader in receiving yards? Stanley Morgan
0%
Who is the Rams all time leader in rushing yards? Steven Jackson
0%
Who is the all time leader in rushing yards by a wide reciever Tavon Austin
0%
Who is the Ravens all time leader In sacks? Terrell Suggs
0%
What nickname was given to Raiders fan’s? The Black Hole
0%
What is the nickname given to Lambeu Field? The Frozen Tundra
0%
Who is the Jaguars all time leader in sacks? Tony Brackens
0%
Who is the Broncos all time leader in sacks? Von Miller
0%
Who is the Buccaneers all time leader in rushing yards? Warrick Dunn
0%
No matching quizzes found
Score Distribution
Percent of People with Each Score
Percentile by Number Answered
Your Score History
You have not taken this quiz